Catálogo
 En Linea

Pertenencias de otra edad / (Registro nro. 11637)

Detalles MARC
000 -CABECERA
campo de control de longitud fija 00952nam a2200241 a 4500
001 - NÚMERO DE CONTROL
campo de control 000011967
005 - FECHA Y HORA DE LA ÚLTIMA TRANSACCIÓN
campo de control 20200929162634.0
008 - DATOS DE LONGITUD FIJA--INFORMACIÓN GENERAL
campo de control de longitud fija 091005s1999 dr 001 0 spa d
040 ## - FUENTE DE LA CATALOGACIÓN
Centro catalogador/agencia de origen DO-SdBNP
Lengua de catalogación spa
Centro/agencia transcriptor BNPHU
082 ## - NÚMERO DE LA CLASIFICACIÓN DECIMAL DEWEY
Número de clasificación xxxx
Número de documento/Ítem C433o
049 ## - FONDOS LOCALES (OCLC)
Fondos de biblioteca BNPD
100 1# - ENTRADA PRINCIPAL--NOMBRE DE PERSONA
Nombre de persona Zapata, César
9 (RLIN) 21611
245 10 - MENCIÓN DE TÍTULO
Título Pertenencias de otra edad /
Mención de responsabilidad, etc. César Zapata.
246 14 - FORMA VARIANTE DE TÍTULO
Título propio/Titulo breve Poesía junta :
Resto del título 1989-1999
260 ## - PUBLICACIÓN, DISTRIBUCIÓN, ETC.
Lugar de publicación, distribución, etc. Santo Domingo :
Nombre del editor, distribuidor, etc. Consejo Presidencial de Cultura,
-- Sistema Nacional de Talleres Literarios,
Fecha de publicación, distribución, etc. 1999.
300 ## - DESCRIPCIÓN FÍSICA
Extensión v. ;
Dimensiones 29 cm.
490 1# - MENCIÓN DE SERIE
Mención de serie Sistema Nacional de talleres literarios
Designación de volumen o secuencia no. 6
490 1# - MENCIÓN DE SERIE
Mención de serie Fin de siglo
505 2# - NOTA DE CONTENIDO CON FORMATO
Nota de contenido con formato v. 1 Acrobacias del ser -- Jardín de augurios -- Eternidad llena de ojos -- Canto alrededor del cuerpo -- Pertenencias de otr(a) edad -- Consagración al silencio
500 ## - NOTA GENERAL
Nota general La biblioteca posee el v. 1
830 #0 - PUNTO DE ACCESO ADICIONAL DE SERIE-TÍTULO UNIFORME
Título uniforme Sistema Nacional de talleres literarios
Designación de volumen o secuencia no. 6
9 (RLIN) 25483
830 #0 - PUNTO DE ACCESO ADICIONAL DE SERIE-TÍTULO UNIFORME
Título uniforme Fin de siglo
9 (RLIN) 25148
Existencias
Estado de retiro Estado de pérdida No para préstamo Código de colección Localización permanente Ubicación/localización actual Ubicación en estantería Fecha de adquisición Número de inventario Total de préstamos Signatura topográfica completa Código de barras Fecha visto por última vez Precio válido a partir de Tipo de ítem Koha Número de copia
    Excluido de préstamo Patrimonio Dominicano Patrimonio Dominicano Patrimonio Dominicano En catalogación 02.11.2009 LF1   xxxx C433o 11967-10 25.06.2020 25.06.2020 Libro y Folleto Colección Patrimonio Dominicano  
    Excluido de préstamo Patrimonio Dominicano Patrimonio Dominicano Patrimonio Dominicano En catalogación 19.04.2010 LF1   xxxx C433o 11967-20 25.06.2020 25.06.2020 Libro y Folleto Colección Patrimonio Dominicano e. 2

Con tecnología Koha